000 00720nam a2200193Ia 4500
003 GCL
008 140319s9999 xx 000 0 ara d
040 _aGCL /
_cGCL
082 0 4 _a260
_bن ج
100 1 _aيوسف النبهانى، يوسف بن اسماعيل بن يوسف (1849 -1932 )
245 1 0 _aجامع كرامات الاولياء /
_cيوسف النبهانى، يوسف بن اسماعيل بن يوسف (1849 -1932 )
260 _aبيروت :
_bالمكتبة الثقافية ،
_c1991
300 _a2 مجلد ؛
_c24 سم
490 _a
650 0 4 _aالكرامات
650 0 4 _aالتصوف - معاجم
650 0 4 _aالتصوف الاسلامى - المقامات
942 _2ddc
_cBK
999 _c30296
_d30296